Le istituzioni ecclesiastiche della "Societas christiana" dei secoli XI-XII : (Record n. 26127)

Dettagli MARC
000 -LEADER
fixed length control field 01395nam a2200277 i 4500
003 - CONTROL NUMBER IDENTIFIER
control field IT-RoINE
005 - DATE AND TIME OF LATEST TRANSACTION
control field 20200515100825.0
008 - FIXED-LENGTH DATA ELEMENTS--GENERAL INFORMATION
fixed length control field 900725s1974 it |r 1 1|||mul|d
040 ## - CATALOGING SOURCE
Original cataloging agency SpMaBN
Transcribing agency A2 IT-RoINE
Modifying agency IT-RoINE
041 0# - LANGUAGE CODE
Language code of text/sound track or separate title fre
-- ger
-- ita
110 2# - MAIN ENTRY--CORPORATE NAME
9 (RLIN) 51734
Corporate name or jurisdiction name as entry element Università cattolica del Sacro Cuore.
Subordinate unit Centro di studi medioevali.
-- Settimana internazionale di studio
Number of part/section/meeting (5ª.
Date of meeting or treaty signing 1971.
Location of meeting Passo della Mendola, Italia)
245 13 - TITLE STATEMENT
Title Le istituzioni ecclesiastiche della "Societas christiana" dei secoli XI-XII :
Remainder of title papato, cardinalato ed episcopato : atti della quinta Settimana internazionale di studio, Mendola, 26-31 agosto 1971.
260 ## - PUBLICATION, DISTRIBUTION, ETC. (IMPRINT)
Place of publication, distribution, etc Milano :
Name of publisher, distributor, etc Vita e Pensiero,
Date of publication, distribution, etc [1974]
300 ## - PHYSICAL DESCRIPTION
Extent XVI, 541 p. ;
Dimensions 24 cm.
336 ## - CONTENT TYPE
Source rdacontent
Content type term text
337 ## - MEDIA TYPE
Source rdamedia
Media type term unmediated
338 ## - CARRIER TYPE
Source rdacarrier
Carrier type term volume
490 1# - SERIES STATEMENT
Series statement Pubblicazioni dell'Università Cattolica del Sacro Cuore.
-- Miscellanea del Centro di Studi Medioevali ;
Volume number/sequential designation 7
500 ## - GENERAL NOTE
General note Incluye índices.
504 ## - BIBLIOGRAPHY, ETC. NOTE
Bibliography, etc Incluye referencias bibliográficas en notas.
546 ## - LANGUAGE NOTE
Language note Textos en alemán, francés e italiano.
650 #4 - SUBJECT ADDED ENTRY--TOPICAL TERM
9 (RLIN) 51736
Topical term or geographic name as entry element Poder temporal de los jefes religiosos
650 #4 - SUBJECT ADDED ENTRY--TOPICAL TERM
Topical term or geographic name as entry element Iglesia
General subdivision Gobierno
-- Historia
Chronological subdivision 600-1500 (Edad media)
Form subdivision Congresos
9 (RLIN) 54331
830 #0 - SERIES ADDED ENTRY--UNIFORM TITLE
9 (RLIN) 51709
Uniform title Pubblicazioni dell'Università cattolica del Sacro Cuore.
Name of part/section of a work Miscellanea del Centro di studi medioevali
Volume number/sequential designation 7
942 ## - ADDED ENTRY ELEMENTS (KOHA)
Item type Monografías
Dati di copia
Withdrawn status Lost status Damaged status Not for loan Home library Current library Date acquired Total Checkouts Full call number Barcode Date last seen Price effective from Koha item type
        Iglesia Nacional Española en Roma Iglesia Nacional Española en Roma 18/07/2018   HIS.ECL 229 51715 18/07/2018 18/07/2018 Monografías